| 000 | 00495nam a2200181Ia 4500 | ||
|---|---|---|---|
| 008 | 240925s9999 xx 000 0 und d | ||
| 020 | _a9780071077392 | ||
| 082 | _a658.314 BER | ||
| 100 | _aBerger, A. Lance | ||
| 245 | 4 | _aThe Talent Management Handbook | |
| 250 | _a2nd | ||
| 260 |
_aNew Delhi: _bMcGraw Hill Education (India) Private Limited _c,2011. |
||
| 300 |
_axxiii, 712p. _bNA _fOriginal |
||
| 500 | _aIncludes Index | ||
| 600 | _aManagement | ||
| 650 | _aManagement | ||
| 942 | _cBK | ||
| 999 |
_c16544 _d16544 |
||